01288nam a2200265 i 4500001000700000003000900007005001700016008004100033080003200074080002500106080002200131080002100153100003200174245018500206260005900391300002100450530003500471600002900506600002200535611007600557611007000633710003300703852019700736856008900933161481ES-MaACL20250814081540.0970324s1867 sp |||| | spa d a929 Mutis, José Celestino a929 Ruiz, Hipólito a910.4(861)"17-18" a910.4(85)"17-18"1 aPascual de Miguel, Tomás.10aDiscurso leído ante el claustro de la Universidad Central / cpor Don Tomás Pascual de Miguel en el acto solemne de recibir la investidura de doctor en la Facultad de Farmacia. aMadrid : b[s.n.], c1867 (fEstab. Tip. de J. Peña) a30 p. ; c21 cm. aDisponible en formato digital.14aMutis, José Celestino.14aRuiz, Hipólito.27aReal Expedición Botánica del Nuevo Reino de Granada d(1783-1816)227aExpedición Botánica al Virreinato del Perú d(1777-1788)22 aUniversidad Central (Madrid)4 aES-MaACLjT-668-F-2 z- Enc. hol., falto de cub. originalz- Enc. en un vol. facticio z- Ded. ms. del socio fundador Gustavo Sáenz Díez a la Biblioteca de los "Escolares Médicos"4 uhttp://bdh-rd.bne.es/viewer.vm?id=0000085772&page=1 zBiblioteca Digital Hispánica